000 00868nam a22002297a 4500
999 _c80667
_d317944
003 OSt
005 20220705101427.0
008 140212s2015 jo a g b 00| 0 ara d
020 _a9789957501327
040 _aMa-Un
_cMa-Un
082 0 4 _a371.422
_bل ن إ
_221
100 1 _aلهلوب، ناريمان يونس
_912447
245 _aالإشراف التربوي :
_bدرجة فاعليته في المدارس /
_cناريمان يونس لهلوب.
250 _aط. 1.
260 _aعمان، الأردن :
_bدار الخليج للنشر والتوزيع،
_c2015
_m1436
300 _a238 ص. ؛
_c24 سم.
504 _aيشتمل على قائمة ببليوجرافية.
650 7 _aالإشراف التربوي
_993459
650 7 _aالإدارة التعليمية
_993460
650 7 _aالإدارة التربوية
_993461
942 _2ddc
_cBOOK